Rafael (Record no. 46018)

MARC details
000 -Etiqueta do registo
Valores 00343nam a2200157 4500
100 ## - Dados gerais de processamento
Dados gerais 20260421 pory50
101 ## - Língua de publicação
Língua por
102 ## - País de publicação
País PT
200 ## - Titulo e menção de responsabilidade
Título próprio Rafael
Primeira menção de responsabilidade Manuel alegre
210 ## - Publicação
Local de publicação Lisboa
Nome do editor Publicações dom Quixote
Data de publicação 2004
215 ## - Descrição física 
Paginação / Volumes 253 p.
675 ## - CDU
Notação 82-31
801 ## - Fonte de origem
País PT
Regras de catalogação RPC
990 ## - Elementos KOHA
Tipo de documento Livro
Holdings
Aquisição Empréstimo Código de barras Cota Permissão de empréstimo Tipo de documento
Biblioteca Escolar Doutor Hernâni Cidade Biblioteca Escolar Doutor Hernâni Cidade 82866 82-31 ALE ROMANCE   Livro

Powered by Koha